MARC

LEADER 00000nam0a2200000 4500
001 274807
005 20231101234750.0
035 |a (RuTPU)RU\TPU\book\298036 
090 |a 274807 
100 |a 20141110d1984 km y0rusy50 ca 
101 0 |a rus 
102 |a RU 
105 |a a z 001zy 
200 1 |a Прикладная геометрическая оптика  |f Н. П. Заказнов 
210 |a Москва  |c Машиностроение  |d 1984 
215 |a 183 с.  |c ил. 
320 |a Библиогр.: с. 183 
606 1 |a Геометрическая оптика  |2 stltpush  |3 (RuTPU)RU\TPU\subj\6161  |9 34116 
610 1 |a геометрические фигуры 
610 1 |a линзы 
610 1 |a зеркала 
610 1 |a изображения 
610 1 |a построение 
610 1 |a оптические системы 
610 1 |a пучки 
610 1 |a детали 
610 1 |a осветительные системы 
610 1 |a лупа 
610 1 |a микроскоп 
610 1 |a телескопические системы 
610 1 |a проекционные системы 
675 |a 535.31  |v 4 
700 1 |a Заказнов  |b Н. П.  |g Николай Петрович 
801 1 |a RU  |b 63413507  |c 20141110 
801 2 |a RU  |b 63413507  |c 20170328  |g RCR 
942 |c BK